[Event "Mitropa Cup 18th"]
[Site "Portoroz"]
[Date "1998.??.??"]
[Round "8"]
[White "Konopka, Michal"]
[Black "Neubauer, Martin"]
[Result "1-0"]
[WhiteElo "2460"]
[BlackElo "2305"]
[PlyCount "71"]
[EventDate "1998.07.??"]
[EventType "team-tourn"]
[EventRounds "9"]
[EventCountry "SLO"]
[Source "ChessBase"]
[SourceDate "1998.11.10"]

1. Nf3 g6 2. d4 Bg7 3. g3 c5 4. c3 Nf6 5. Bg2 O-O 6. O-O Na6 7. Nbd2 d5 8. e3
Rb8 9. Qe2 b5 10. Rd1 Qb6 11. e4 cxd4 12. e5 Ng4 13. cxd4 Nb4 14. Nb3 Bf5 15.
Nh4 Be6 16. Nc5 Nh6 17. Bg5 Nc6 18. Rac1 Rbc8 19. Qd2 Nf5 20. Nxe6 fxe6 21.
Nxf5 gxf5 22. Be3 Rc7 23. f4 Rfc8 24. b3 a5 25. Bf1 Na7 26. a3 b4 27. axb4 axb4
28. Rxc7 Rxc7 29. Rc1 Rxc1 30. Qxc1 Nb5 31. Qc8+ Kf7 32. Be2 Bf8 33. Bh5+ Kg7
34. Qe8 Nxd4 35. Qf7+ Kh6 36. g4 1-0

[Event "Mitropa Cup 18th"]
[Site "Portoroz"]
[Date "1998.??.??"]
[Round "8"]
[White "Lakos, Nikoletta"]
[Black "Kindermann, Stefan"]
[Result "1/2-1/2"]
[WhiteElo "2385"]
[BlackElo "2540"]
[PlyCount "61"]
[EventDate "1998.07.??"]
[EventType "team-tourn"]
[EventRounds "9"]
[EventCountry "SLO"]
[Source "ChessBase"]
[SourceDate "1998.11.10"]

1. e4 g6 2. d4 Bg7 3. Nc3 d6 4. Nf3 Nf6 5. Be2 O-O 6. O-O c5 7. Re1 cxd4 8.
Nxd4 Nc6 9. Nb3 Be6 10. Bf1 a5 11. a4 Bxb3 12. cxb3 e6 13. Bg5 h6 14. Bf4 d5
15. exd5 Nxd5 16. Nxd5 exd5 17. Qd2 g5 18. Bg3 Rc8 19. Rac1 d4 20. Bd3 Nb4 21.
Bc4 Qd7 22. h4 gxh4 23. Bxh4 Rfe8 24. Rxe8+ Rxe8 25. Bb5 Nc6 26. Bg3 Qd5 27.
Bf4 h5 28. Bc4 Qf5 29. Bd3 Qd5 30. Bc4 Qf5 31. Bd3 1/2-1/2

[Event "Mitropa Cup 18th"]
[Site "Portoroz"]
[Date "1998.??.??"]
[Round "8"]
[White "Lehner, Oliver"]
[Black "Polak, Tomas"]
[Result "0-1"]
[WhiteElo "2415"]
[BlackElo "2525"]
[PlyCount "91"]
[EventDate "1998.07.??"]
[EventType "team-tourn"]
[EventRounds "9"]
[EventCountry "SLO"]
[Source "ChessBase"]
[SourceDate "1998.11.10"]

1. d4 Nf6 2. c4 e6 3. g3 d5 4. Bg2 dxc4 5. Nf3 a6 6. O-O Nc6 7. e3 Rb8 8. Qe2
b5 9. Rd1 Be7 10. e4 O-O 11. Nc3 Bd7 12. d5 Nb4 13. dxe6 fxe6 14. Ne5 Qe8 15.
Bg5 Rd8 16. Bh3 Bc8 17. Rxd8 Bxd8 18. Rd1 Be7 19. a3 Nc6 20. Nxc6 Qxc6 21. Bg2
Bb7 22. f4 Bc5+ 23. Kh1 Nd7 24. e5 Qxg2+ 25. Qxg2 Bxg2+ 26. Kxg2 Rf7 27. Ne4 h6
28. Bd8 Bb6 29. f5 Nf8 30. g4 exf5 31. gxf5 Rxf5 32. Nc3 Rxe5 33. Bh4 c6 34.
Bg3 Re6 35. Kf3 Rf6+ 36. Kg4 Rg6+ 37. Kf5 Rg5+ 38. Ke4 Kf7 39. Rf1+ Ke8 40. Bf4
Rh5 41. Re1 Ne6 42. Bg3 Bc7 43. Kf3 Bxg3 44. Kxg3 Kd7 45. h4 Rf5 46. Ne4 0-1

[Event "Mitropa Cup 18th"]
[Site "Portoroz"]
[Date "1998.??.??"]
[Round "8"]
[White "Leski, Marc"]
[Black "Pelletier, Yannick"]
[Result "0-1"]
[WhiteElo "2415"]
[BlackElo "2525"]
[PlyCount "60"]
[EventDate "1998.07.??"]
[EventType "team-tourn"]
[EventRounds "9"]
[EventCountry "SLO"]
[Source "ChessBase"]
[SourceDate "1998.11.10"]

1. Nf3 Nf6 2. c4 g6 3. g3 Bg7 4. Bg2 d5 5. cxd5 Nxd5 6. d4 Nb6 7. O-O Nc6 8.
Nc3 O-O 9. e3 Re8 10. d5 Na5 11. Nd4 Bd7 12. b4 Nac4 13. a4 a5 14. b5 Qc8 15.
Re1 Bh3 16. Bh1 e5 17. dxe6 Bxe6 18. Qc2 Bd7 19. Rd1 c6 20. bxc6 bxc6 21. Rb1
Rb8 22. Ne4 c5 23. Nb5 Bf5 24. f3 Bxe4 25. fxe4 Be5 26. Bf3 Qe6 27. Kg2 Red8
28. Rf1 h5 29. Be2 Rd7 30. Nc3 Bxc3 0-1

[Event "Mitropa Cup 18th"]
[Site "Portoroz"]
[Date "1998.??.??"]
[Round "8"]
[White "Luther, Thomas"]
[Black "Madl, Ildiko"]
[Result "1-0"]
[WhiteElo "2560"]
[BlackElo "2410"]
[PlyCount "69"]
[EventDate "1998.07.??"]
[EventType "team-tourn"]
[EventRounds "9"]
[EventCountry "SLO"]
[Source "ChessBase"]
[SourceDate "1998.11.10"]

1. e4 c5 2. Nf3 d6 3. d4 cxd4 4. Nxd4 Nf6 5. Nc3 Nc6 6. Bg5 e6 7. Qd2 a6 8.
O-O-O Be7 9. h4 Bd7 10. f3 Rc8 11. Nxc6 Rxc6 12. Kb1 Qa5 13. Bd3 Ng8 14. g4 h5
15. gxh5 Rxh5 16. Rhg1 Kf8 17. Qg2 Bxg5 18. hxg5 Qe5 19. f4 Qxf4 20. Rdf1 Qe3
21. e5 Ke7 22. exd6+ Rxd6 23. Qxb7 Rxd3 24. cxd3 Rxg5 25. Qb4+ Ke8 26. Rh1 Nh6
27. Ne4 Qxd3+ 28. Ka1 Rd5 29. Nc3 Rh5 30. Rd1 Rxh1 31. Rxh1 Qf3 32. Rd1 Nf5 33.
a4 g6 34. Rd2 Qe3 35. Ne4 1-0

[Event "Mitropa Cup 18th"]
[Site "Portoroz"]
[Date "1998.??.??"]
[Round "8"]
[White "Nikolac, Juraj"]
[Black "Tratar, Marko"]
[Result "1/2-1/2"]
[WhiteElo "2450"]
[BlackElo "2450"]
[PlyCount "120"]
[EventDate "1998.07.??"]
[EventType "team-tourn"]
[EventRounds "9"]
[EventCountry "SLO"]
[Source "ChessBase"]
[SourceDate "1998.11.10"]

1. d4 Nf6 2. c4 g6 3. Nc3 Bg7 4. Nf3 O-O 5. Bg5 d6 6. e3 c6 7. Be2 a6 8. O-O h6
9. Bh4 g5 10. Bg3 Nh5 11. Nd2 Nxg3 12. hxg3 f5 13. Qb3 Nd7 14. Rad1 Kh8 15. Nf3
b5 16. Qc2 Bb7 17. b3 d5 18. a4 dxc4 19. bxc4 b4 20. Na2 a5 21. c5 e5 22. Nxe5
Bxe5 23. dxe5 Qe7 24. Rd6 Nxe5 25. Rfd1 Qg7 26. Nc1 Bc8 27. Nb3 f4 28. exf4
gxf4 29. gxf4 Bh3 30. g3 Rxf4 31. Rd8+ Rf8 32. Rxa8 Rxa8 33. Qe4 Be6 34. Nd4
Bd5 35. Qe3 Rf8 36. f4 Ng4 37. Bxg4 Qxg4 38. Rd2 Qg6 39. Qe5+ Qg7 40. Qxg7+
Kxg7 41. Kf2 h5 42. Ke3 Re8+ 43. Kd3 Be4+ 44. Kc4 Bd5+ 45. Kd3 Re1 46. Nf5+ Kf6
47. Ne3 Bb3 48. Nc4 Rg1 49. Nxa5 Rxg3+ 50. Kd4 Bxa4 51. Kc4 Bb5+ 52. Kxb4 Kf5
53. Rd6 Rg6 54. Nb3 Rg4 55. Nd4+ Kxf4 56. Nxb5 cxb5 57. Kxb5 Kg3 58. c6 Rg8 59.
c7 Rc8 60. Rg6+ Kf4 1/2-1/2

[Event "Mitropa Cup 18th"]
[Site "Portoroz"]
[Date "1998.??.??"]
[Round "8"]
[White "Olivier, Jean Christophe"]
[Black "Wirthensohn, Heinz"]
[Result "1-0"]
[WhiteElo "2360"]
[BlackElo "2390"]
[PlyCount "89"]
[EventDate "1998.07.??"]
[EventType "team-tourn"]
[EventRounds "9"]
[EventCountry "SLO"]
[Source "ChessBase"]
[SourceDate "1998.11.10"]

1. e4 c5 2. Nf3 Nc6 3. d4 cxd4 4. Nxd4 g6 5. Nc3 Bg7 6. Be3 Nf6 7. Bc4 O-O 8.
Bb3 Ng4 9. Qxg4 Nxd4 10. Qd1 Nxb3 11. axb3 b6 12. Bd4 Bh6 13. h4 Bb7 14. Qd3 f6
15. h5 g5 16. Nd5 Bxd5 17. exd5 Qc7 18. O-O e5 19. dxe6 dxe6 20. Rfd1 Rad8 21.
Qc4 Qf7 22. Bc3 Rc8 23. Qa4 Rc7 24. Rd6 Re8 25. Rad1 Bf8 26. Rd7 Rxd7 27. Rxd7
Qxh5 28. Bxf6 Qg6 29. Rc7 g4 30. g3 a5 31. Qd7 h5 32. Rb7 h4 33. Bxh4 Bc5 34.
Bf6 Bxf2+ 35. Kg2 Qe4+ 36. Kxf2 Qf3+ 37. Ke1 Qe3+ 38. Kd1 Qf3+ 39. Ke1 Qe3+ 40.
Kd1 Qf3+ 41. Kc1 Qh1+ 42. Qd1 Qxb7 43. Qxg4+ Kf8 44. Qh5 Rb8 45. Be5 1-0

[Event "Mitropa Cup 18th"]
[Site "Portoroz"]
[Date "1998.??.??"]
[Round "8"]
[White "Votava, Jan"]
[Black "Weiss, Christian"]
[Result "0-1"]
[WhiteElo "2510"]
[BlackElo "2370"]
[PlyCount "80"]
[EventDate "1998.07.??"]
[EventType "team-tourn"]
[EventRounds "9"]
[EventCountry "SLO"]
[Source "ChessBase"]
[SourceDate "1998.11.10"]

1. e4 c5 2. Nf3 e6 3. d4 cxd4 4. Nxd4 a6 5. c4 Nf6 6. Nc3 Qc7 7. Bd3 h5 8. h3
Bc5 9. Be3 d6 10. Qd2 Bd7 11. Nb3 Bxe3 12. Qxe3 Nc6 13. Rc1 Ne5 14. Ne2 g5 15.
Ned4 g4 16. h4 Bc6 17. Bb1 Ba4 18. Nd2 Qc5 19. Qc3 g3 20. fxg3 Rg8 21. b4 Qa7
22. c5 Rc8 23. O-O Nfd7 24. Qa3 dxc5 25. Qxa4 c4 26. N2f3 Nxf3+ 27. Rxf3 b5 28.
Qd1 Ne5 29. Rf2 Rd8 30. Qxh5 Qxd4 31. Rcf1 Rxg3 32. Kh2 Rg7 33. Kh1 Ke7 34. a4
Rf8 35. axb5 axb5 36. Ra2 Rg4 37. Raf2 Rfg8 38. Rxf7+ Nxf7 39. Qxf7+ Kd8 40.
Qb7 Rxh4# 0-1

[Event "Mitropa Cup 18th"]
[Site "Portoroz"]
[Date "1998.??.??"]
[Round "9"]
[White "Baumegger, Siegfried"]
[Black "Forster, Richard"]
[Result "1/2-1/2"]
[WhiteElo "2360"]
[BlackElo "2475"]
[PlyCount "22"]
[EventDate "1998.07.??"]
[EventType "team-tourn"]
[EventRounds "9"]
[EventCountry "SLO"]
[Source "ChessBase"]
[SourceDate "1998.11.10"]

1. g3 g6 2. Bg2 Bg7 3. c4 Nf6 4. Nc3 O-O 5. d4 d6 6. Nf3 Nbd7 7. O-O e5 8. h3
Re8 9. e4 exd4 10. Nxd4 a6 11. Be3 Rb8 1/2-1/2

[Event "Mitropa Cup 18th"]
[Site "Portoroz"]
[Date "1998.??.??"]
[Round "9"]
[White "Benitah, Yohan"]
[Black "Franzen, Jozef"]
[Result "1/2-1/2"]
[WhiteElo "2345"]
[BlackElo "2320"]
[PlyCount "20"]
[EventDate "1998.07.??"]
[EventType "team-tourn"]
[EventRounds "9"]
[EventCountry "SLO"]
[Source "ChessBase"]
[SourceDate "1998.11.10"]

1. d4 Nf6 2. c4 e6 3. Nc3 Bb4 4. e3 O-O 5. Nge2 d5 6. a3 Be7 7. cxd5 exd5 8.
Ng3 c5 9. dxc5 Bxc5 10. Bd3 Nc6 1/2-1/2

[Event "Mitropa Cup 18th"]
[Site "Portoroz"]
[Date "1998.??.??"]
[Round "9"]
[White "Lalic, Bogdan"]
[Black "Lakos, Nikoletta"]
[Result "1/2-1/2"]
[WhiteElo "2385"]
[BlackElo "2560"]
[PlyCount "22"]
[EventDate "1998.07.??"]
[EventType "team-tourn"]
[EventRounds "9"]
[EventCountry "SLO"]
[Source "ChessBase"]
[SourceDate "1998.11.10"]

1. d4 Nf6 2. c4 g6 3. Nc3 Bg7 4. e4 O-O 5. Nf3 d6 6. Be2 e5 7. O-O Nc6 8. d5
Ne7 9. Ne1 Ne8 10. f4 exf4 11. Bxf4 h6 1/2-1/2

[Event "Mitropa Cup 18th"]
[Site "Portoroz"]
[Date "1998.??.??"]
[Round "9"]
[White "Madl, Ildiko"]
[Black "Zelcic, Robert"]
[Result "1/2-1/2"]
[WhiteElo "2410"]
[BlackElo "2585"]
[PlyCount "20"]
[EventDate "1998.07.??"]
[EventType "team-tourn"]
[EventRounds "9"]
[EventCountry "SLO"]
[Source "ChessBase"]
[SourceDate "1998.11.10"]

1. e4 c6 2. d4 d5 3. Nd2 dxe4 4. Nxe4 Bf5 5. Ng3 Bg6 6. Bc4 e6 7. N1e2 Bd6 8.
h4 h6 9. Nf4 Ne7 10. Nxg6 Nxg6 1/2-1/2

[Event "Mitropa Cup 18th"]
[Site "Portoroz"]
[Date "1998.??.??"]
[Round "9"]
[White "Pelletier, Yannick"]
[Black "Lehner, Oliver"]
[Result "0-1"]
[WhiteElo "2525"]
[BlackElo "2415"]
[PlyCount "46"]
[EventDate "1998.07.??"]
[EventType "team-tourn"]
[EventRounds "9"]
[EventCountry "SLO"]
[Source "ChessBase"]
[SourceDate "1998.11.10"]

1. Nf3 c5 2. c4 e6 3. e4 Nc6 4. Nc3 Nd4 5. g3 Nxf3+ 6. Qxf3 Ne7 7. Bg2 Nc6 8.
O-O g6 9. d3 Bg7 10. h4 d6 11. Bd2 O-O 12. Rae1 Rb8 13. Qd1 Nd4 14. h5 a6 15.
f4 f5 16. hxg6 hxg6 17. g4 b5 18. b3 Qh4 19. exf5 gxf5 20. g5 b4 21. Nb1 Kf7
22. Be3 Rh8 23. Rf2 Bb7 0-1

[Event "Mitropa Cup 18th"]
[Site "Portoroz"]
[Date "1998.??.??"]
[Round "9"]
[White "Petran, Peter"]
[Black "Olivier, Jean Christophe"]
[Result "0-1"]
[WhiteElo "2420"]
[BlackElo "2360"]
[PlyCount "116"]
[EventDate "1998.07.??"]
[EventType "team-tourn"]
[EventRounds "9"]
[EventCountry "SLO"]
[Source "ChessBase"]
[SourceDate "1998.11.10"]

1. g3 d5 2. Bg2 Nf6 3. d3 Bf5 4. Nd2 c6 5. e4 dxe4 6. dxe4 Bg4 7. Ngf3 e5 8.
O-O Nbd7 9. a4 Qc7 10. h3 Bh5 11. a5 Bb4 12. Nc4 Nxe4 13. Qe2 Nef6 14. c3 Be7
15. g4 e4 16. gxh5 exf3 17. Bxf3 Nd5 18. Bxd5 cxd5 19. Re1 O-O 20. Qxe7 dxc4
21. h6 Qc6 22. hxg7 Rfc8 23. Bf4 Nc5 24. Qd6 Nd3 25. Re7 Qf3 26. Bg3 Rc6 27.
Qd4 Rg6 28. Qe3 Qxe3 29. Rxe3 Re6 30. Rxe6 fxe6 31. Rb1 Rd8 32. b3 cxb3 33.
Rxb3 Rd7 34. Rb5 Kxg7 35. Kf1 Kg6 36. Ke2 a6 37. Rb1 Kf5 38. Bb8 e5 39. h4 Nf4+
40. Kf1 h5 41. Ba7 Rd5 42. Be3 Rb5 43. Ra1 Kg4 44. c4 Rb4 45. Rc1 Ra4 46. Bxf4
exf4 47. Rb1 Rxc4 48. Rxb7 Rc5 49. Ke2 Re5+ 50. Kd3 Kf3 51. Rg7 Rxa5 52. Rg5
Rb5 53. Rg6 Kxf2 54. Rxa6 f3 55. Rh6 Kf1 56. Ke3 f2 57. Rf6 Ke1 58. Rxf2 Rb3+
0-1

[Event "Mitropa Cup 18th"]
[Site "Portoroz"]
[Date "1998.??.??"]
[Round "9"]
[White "Stohl, Igor"]
[Black "Leski, Marc"]
[Result "1/2-1/2"]
[WhiteElo "2540"]
[BlackElo "2415"]
[PlyCount "57"]
[EventDate "1998.07.??"]
[EventType "team-tourn"]
[EventRounds "9"]
[EventCountry "SLO"]
[Source "ChessBase"]
[SourceDate "1998.11.10"]

1. c4 c5 2. Nf3 Nf6 3. Nc3 e6 4. g3 d5 5. cxd5 exd5 6. d4 Nc6 7. Bg2 Be7 8. O-O
O-O 9. Bg5 cxd4 10. Nxd4 Re8 11. Rc1 Bg4 12. h3 Be6 13. Qa4 Nxd4 14. Qxd4 Qd7
15. h4 Rac8 16. Qxa7 Rc4 17. b3 Rc6 18. Na4 Bh3 19. Rxc6 Bxg2 20. Kxg2 Qxc6 21.
Rc1 Qd7 22. Qd4 h6 23. Bf4 b5 24. Nc3 b4 25. Na4 Bd6 26. Nb6 Qg4 27. e3 Bxf4
28. exf4 Nh5 29. Nxd5 1/2-1/2

[Event "Mitropa Cup 18th"]
[Site "Portoroz"]
[Date "1998.??.??"]
[Round "9"]
[White "Tabernig, Bernhard"]
[Black "Wirthensohn, Heinz"]
[Result "1-0"]
[WhiteElo "2330"]
[BlackElo "2390"]
[PlyCount "75"]
[EventDate "1998.07.??"]
[EventType "team-tourn"]
[EventRounds "9"]
[EventCountry "SLO"]
[Source "ChessBase"]
[SourceDate "1998.11.10"]

1. d4 Nf6 2. Nf3 d5 3. c4 e6 4. g3 Bb4+ 5. Bd2 a5 6. Bg2 O-O 7. O-O dxc4 8. Qc2
Bxd2 9. Nbxd2 b5 10. Ne5 Ra6 11. a4 c6 12. Rfd1 Nd5 13. b3 f6 14. Nef3 c3 15.
e4 cxd2 16. exd5 Qxd5 17. Rxd2 bxa4 18. Rxa4 Rb6 19. Rd3 Ba6 20. Rc3 Bb5 21.
Rxa5 Na6 22. h4 Nb4 23. Qc1 Qd6 24. Qe1 Ra6 25. Rxa6 Nxa6 26. Re3 Nc7 27. Bh3
Kf7 28. Qb1 Kg8 29. h5 h6 30. Qe1 Qd5 31. Nh4 Qxh5 32. Bxe6+ Nxe6 33. Rxe6 g5
34. Nf5 Qf3 35. Nxh6+ Kg7 36. Qb4 Ra8 37. Qe7+ Kg6 38. Qf7+ 1-0

[Event "Mitropa Cup 18th"]
[Site "Portoroz"]
[Date "1998.??.??"]
[Round "9"]
[White "Touzane, Olivier"]
[Black "Plachetka, Jan"]
[Result "1/2-1/2"]
[WhiteElo "2350"]
[BlackElo "2400"]
[PlyCount "39"]
[EventDate "1998.07.??"]
[EventType "team-tourn"]
[EventRounds "9"]
[EventCountry "SLO"]
[Source "ChessBase"]
[SourceDate "1998.11.10"]

1. d4 Nf6 2. c4 e6 3. Nc3 d5 4. cxd5 exd5 5. Bg5 c6 6. Qc2 Be7 7. e3 Nbd7 8.
Bd3 O-O 9. Nge2 Re8 10. O-O Nf8 11. f3 Ng6 12. Rad1 h6 13. Bxf6 Bxf6 14. Bxg6
fxg6 15. e4 g5 16. a4 Be6 17. a5 Be7 18. f4 gxf4 19. Nxf4 Bg5 20. Nxe6 1/2-1/2